000 00703nam a2200205 i 4500
001 bg
245 0 0 _aIzolacje styropianowe w budownictwie :
_bstyropianowe materiały izolacyjne w budownictwie : poradnik dla projektantów /
_cStowarzyszenie Producentów Styropianu.
260 _aOświęcim :
_bStowarzyszenie Producentów Styropianu,
_c2005.
300 _aSkoroszyt :
_brys., wykr. ;
_c30 cm.
500 _aOpis wg okł.
650 9 _aIzolacje cieplne
650 9 _aMateriały budowlane
655 _aPoradniki
710 0 _aStowarzyszenie Producentów Styropianu
040 _cBPK
041 0 _apol
080 _a691:699.8](083.1)
942 _cKA
008 s pl f |000 0 pol
999 _c35186
_d35186
856 _uhttp://koha.tu.koszalin.pl/cgi-bin/koha/opac-detail.pl?biblionumber=35186
_yKatalog online BPK